Fundamentals of financial management. / (Record no. 1374)
[ view plain ]
| 000 -LEADER | |
|---|---|
| fixed length control field | 01656nam a22001937a 4500 |
| 008 - FIXED-LENGTH DATA ELEMENTS--GENERAL INFORMATION | |
| fixed length control field | 120615t xxu||||| |||| 00| 0 eng d |
| 020 ## - INTERNATIONAL STANDARD BOOK NUMBER | |
| International Standard Book Number | 0273685988 |
| 050 ## - LIBRARY OF CONGRESS CALL NUMBER | |
| Classification number | HG4026.V36 |
| 100 ## - MAIN ENTRY--PERSONAL NAME | |
| Personal name | Van Horne, James C. |
| 245 ## - TITLE STATEMENT | |
| Title | Fundamentals of financial management. / |
| Statement of responsibility, etc. | James C. Van Horne and John M. Wachowicz |
| 250 ## - EDITION STATEMENT | |
| Edition statement | 12th ed. |
| 260 ## - PUBLICATION, DISTRIBUTION, ETC. | |
| Place of publication, distribution, etc. | U.K.: |
| Name of publisher, distributor, etc. | Prentice Hall, |
| Date of publication, distribution, etc. | c2005. |
| 300 ## - PHYSICAL DESCRIPTION | |
| Extent | xxiv, 712 p.: |
| Other physical details | ill.; |
| Dimensions | 26cm. |
| 500 ## - GENERAL NOTE | |
| General note | Includes index. |
| 505 ## - FORMATTED CONTENTS NOTE | |
| Formatted contents note | Contents: Introduction to financial management -- The Role of financial management -- The Business, tax, and financial environments -- Valuation -- The Value of money -- The Valuation of long-term securities -- Risk and return -- Tools of financial analysis and planning -- Financial statement analysis -- Funds analysis, cash-flow analysis, and financial planning -- Working capital management -- Overview of working capital management -- Cash and marketable securities management -- Accounts receivable and inventory management -- Short-term financing -- Investment in capital assets -- Capital budgeting and estimating cash flows -- Capital budgeting techniques -- Risk and managerial (real) options in capital budgeting -- The Cost of capital, capital structure, and dividend policy -- Intermediate and long-term financing -- The Capital market -- Long-term debt, preferred stock, and common stock -- Term loans and leases -- Special areas of financial mangement -- Convertibles, and warrants -- Mergers and other forms of corporate restructuring -- International financial management -- Appendix. |
| 650 ## - SUBJECT ADDED ENTRY--TOPICAL TERM | |
| Topical term following geographic name entry element | Financial management. |
| 700 ## - ADDED ENTRY--PERSONAL NAME | |
| Personal name | Wachowics, John M. |
| 942 ## - ADDED ENTRY ELEMENTS (KOHA) | |
| Source of classification or shelving scheme | Library of Congress Classification |
| Koha item type | Books |
| Withdrawn status | Lost status | Source of classification or shelving scheme | Damaged status | Not for loan | Home library | Current library | Shelving location | Date acquired | Total Checkouts | Full call number | Barcode | Date last seen | Copy number | Price effective from | Koha item type |
|---|---|---|---|---|---|---|---|---|---|---|---|---|---|---|---|
| Library of Congress Classification | WISCONSIN INTERNATIONAL UNIVERSITY COLLEGE, GHANA - MAIN LIBRARY | WISCONSIN INTERNATIONAL UNIVERSITY COLLEGE, GHANA - MAIN LIBRARY | General Stacks | 15/06/2012 | HG4026.V36 | 3243/12 | 15/06/2012 | 1 | 15/06/2012 | Books | |||||
| Library of Congress Classification | WISCONSIN INTERNATIONAL UNIVERSITY COLLEGE, GHANA - MAIN LIBRARY | WISCONSIN INTERNATIONAL UNIVERSITY COLLEGE, GHANA - MAIN LIBRARY | General Stacks | 15/06/2012 | HG4026.V361 | 3244/12 | 15/06/2012 | 2 | 15/06/2012 | Books | |||||
| Library of Congress Classification | WISCONSIN INTERNATIONAL UNIVERSITY COLLEGE, GHANA - MAIN LIBRARY | WISCONSIN INTERNATIONAL UNIVERSITY COLLEGE, GHANA - MAIN LIBRARY | General Stacks | 15/06/2012 | HG4026.V362 | 3245/12 | 15/06/2012 | 3 | 15/06/2012 | Books |
